Vocational stress in pastoral ministry / (Record no. 143127)

MARC details
000 -LEADER
fixed length control field 00629nam a22001937a 4500
005 - DATE AND TIME OF LATEST TRANSACTION
control field 20170818171642.0
010 ## - LCCN (DPL NO)
LC control number ENG-119528
020 ## - INTERNATIONAL STANDARD BOOK NUMBER
Terms of availability 150.00
International Standard Book Number 9788184654295
035 ## - SYSTEM CONTROL NUMBER
System control number EN-103060
037 ## - SOURCE OF ACQUISITION
Source of stock number/acquisition DBAD/PUB
082 ## - DEWEY DECIMAL CLASSIFICATION NUMBER
Classification number 280.51
100 ## - MAIN ENTRY--PERSONAL NAME
Personal name Subhin Raj
245 ## - TITLE STATEMENT
Title Vocational stress in pastoral ministry /
Statement of responsibility, etc by Subin Raj
260 ## - PUBLICATION, DISTRIBUTION, ETC. (IMPRINT)
Place of publication, distribution, etc Delhi
Name of publisher, distributor, etc The Indian Society for Promoting Christian Knowlewdge(ISPCK))
Date of publication, distribution, etc 2014
270 ## - ADDRESS
Address 1585,1654 Madarsa Road Kashmere Gate
City Delhi
Postal code 110006
300 ## - PHYSICAL DESCRIPTION
Extent xix,102p.
Dimensions 23cm(pbk)
500 ## - GENERAL NOTE
General note Includes bibliographical references
942 ## - ADDED ENTRY ELEMENTS (KOHA)
Source of classification or shelving scheme Dewey Decimal Classification
Item type English Books
Call number suffix SUB
Classification part 280.51
Holdings
Withdrawn status Lost status Not for loan Collection code Home library Current library Date acquired Source of acquisition Cost, normal purchase price Full call number Barcode Copy number Cost, replacement price Koha item type
      Non-fiction Central Jail Tihar Central Jail Tihar 04/08/2017 DBAD/PUB 150.00 280.51 SUB EN-103060 1 150.00 English Books

© Delhi Public Library
Hit Counter
free hit counter